Cọc khoan nhồi trong công trình giao thông

Đặc điểm sử dụng móng cọc khoan nhồi trong xây dựng cầu, cơ sở tính toán cọc khoan, công nghệ cọc khoan nhồi; các sự cố kĩ thuật thường gặp và giải pháp xử lí trong thi công cọc khoan nhồi; Kiểm tra, thử tải cọc, nghiệm thu và đánh giá mo...

תיאור מלא

שמור ב:
מידע ביבליוגרפי
מחבר ראשי: Nguyễn, Viết Trung
פורמט: ספר
שפה:Undetermined
יצא לאור: Hà Nội Xây dựng 2010
נושאים:
תגים: הוספת תג
אין תגיות, היה/י הראשונ/ה לתייג את הרשומה!
Thư viện lưu trữ: Trung tâm Học liệu Trường Đại học Cần Thơ
LEADER 01191nam a2200217Ia 4500
001 CTU_169159
008 210402s9999 xx 000 0 und d
020 |c 67000 
082 |a 625.733 
082 |b Tr513 
100 |a Nguyễn, Viết Trung 
245 0 |a Cọc khoan nhồi trong công trình giao thông 
245 0 |c Chủ biên: Nguyễn Viêt Trung, Lê Thanh Liêm 
260 |a Hà Nội 
260 |b Xây dựng 
260 |c 2010 
520 |a Đặc điểm sử dụng móng cọc khoan nhồi trong xây dựng cầu, cơ sở tính toán cọc khoan, công nghệ cọc khoan nhồi; các sự cố kĩ thuật thường gặp và giải pháp xử lí trong thi công cọc khoan nhồi; Kiểm tra, thử tải cọc, nghiệm thu và đánh giá một số chỉ tiêu kinh tế kĩ thuật của móng cọc khoan nhồi trong công trình cầu 
650 |a Roads,Foundations,Trụ móng,Đường bộ 
650 |x Design and construction,Thiết kế và thi công 
904 |i Trọng Hiếu 
980 |a Trung tâm Học liệu Trường Đại học Cần Thơ